Working papers for use with fundamental accounting principles

שמור ב:
מידע ביבליוגרפי
מחבר ראשי: Wild, John J.
פורמט: ספר
שפה:Undetermined
יצא לאור: New York McGraw-Hill 2009
נושאים:
תגים: הוספת תג
אין תגיות, היה/י הראשונ/ה לתייג את הרשומה!
Thư viện lưu trữ: Trung tâm Học liệu Trường Đại học Cần Thơ
LEADER 00544nam a2200181Ia 4500
001 CTU_181448
008 210402s9999 xx 000 0 und d
082 |a 657 
082 |b W668/Vol.1 
100 |a Wild, John J. 
245 0 |a Working papers for use with fundamental accounting principles 
245 0 |c John, J. Wild, Ken W. Shaw, Barbara Chiappetta 
260 |a New York 
260 |b McGraw-Hill 
260 |c 2009 
650 |a Accounting,Kế toán 
904 |i Tuyến 
980 |a Trung tâm Học liệu Trường Đại học Cần Thơ